Research design and statistical analysis
Gorde:
| Egile Nagusiak: | , |
|---|---|
| Formatua: | Liburua |
| Hizkuntza: | ingelesa |
| Argitaratua: |
Mahwah
Lawrence Erlbaum Associates
1995
|
| Gaiak: | |
| Etiketak: |
Etiketa erantsi
Etiketarik gabe, Izan zaitez lehena erregistro honi etiketa jartzen!
|
MARC
| LEADER | 00000nam a2200000 a 4500 | ||
|---|---|---|---|
| 001 | UCP9125 | ||
| 003 | CL-VaPUC | ||
| 008 | 000317e19950000us |||||||||||||||||eng|d | ||
| 082 | 0 | 4 | |a 519.5 |b MYE |2 21 |
| 100 | |a Myers, Jerome L. |e author |9 439488 | ||
| 700 | 0 | |a Well, Arnold D |e author |9 439489 | |
| 245 | 1 | 0 | |a Research design and statistical analysis |
| 300 | |a 713 p | ||
| 942 | |c BK | ||
| 945 | |d 20000317 00:00:00 |a vberengu | ||
| 260 | |a Mahwah |b Lawrence Erlbaum Associates |c 1995 | ||
| 650 | 0 | |a Análisis estadístico |9 269506 | |
| 650 | 7 | |a DISEÑO ESTADISTICO |2 CL-VaPUC |9 324713 | |
| 650 | 0 | |a Estadísticas matemáticas |9 335044 | |
| 650 | 0 | |a Métodos estadísticos |9 259407 | |
| 583 | |a last modification |c 20171120 05:50:21 |k Rodrigo Vera | ||
| 999 | |c 285974 |d 285972 | ||
| 952 | |0 0 |1 0 |4 0 |6 519_500000000000000_MYE_1995 |7 0 |8 A |9 330871 |a FDOPOS |b FDOPOS |d 2019-11-20 |i 3588076 |o 519.5 MYE 1995 |p 3588076 |r 2025-01-22 |w 2019-11-20 |y BK |k MLA | ||